| 000 | 00541nam a2200193 4500 | ||
|---|---|---|---|
| 003 | OSt | ||
| 005 | 20180924123855.0 | ||
| 008 | 151209b xxu||||| |||| 00| 0 eng d | ||
| 020 | _a0077095448 | ||
| 040 | _c040a | ||
| 082 |
_a003 _bBRI 2000 |
||
| 100 |
_aBritton, Carol; Doake, Jill _96564 |
||
| 245 |
_aObject-Oriented System Development: _ba gental introduction |
||
| 260 |
_aLondon; _bMcGraw-Hill, _c2000 |
||
| 300 |
_avii, 277p; _bill : _c15 cm. |
||
| 504 | _aincludes index | ||
| 650 |
_aSystems development _96565 |
||
| 942 |
_2ddc _cSLOAN |
||
| 999 |
_c2857 _d2857 |
||